• 首页
  • 本馆介绍
  • 公告通知
  • 最新文献
  • 馆藏检索
  • 电子资源
  • 读者导购
  • 参考咨询
  • 我的图书馆
  • 登录
  • 详细信息显示
  • 放入我的书架
  • 预约/预借图书
  • 作者相关作品
  • 分类相关作品
  • 丛书相关作品
  • 出版社相关作品

书目信息

  • 表格格式
  • 工作单格式
  • 卡片格式
题名:
麻省理工学院
    
 
作者: 林大为 编著
分册:  
出版信息: 北京   现代出版社  2013
页数: 184页
开本: 23cm
丛书名: 未来领袖摇篮系列丛书
单 册:
中图分类: G649.712.8-49 , G649.712
科图分类:
主题词:
电子资源:
ISBN: 978-7-5143-1375-8
000 01020nam0 2200289 450
001 2385192861
005 20231129003223.21
010    @a978-7-5143-1375-8@dCNY32.00
100    @a20140429d2013 demy0chiy50 ea
101 0  @achi
102    @aCN@b110000
105    @aa z 000yd
200 1  @a麻省理工学院@Ama sheng li gong xue yuan@e手脑佼佼者@dM.I.T University@eto be number one@f林大为编著@zeng
210    @a北京@c现代出版社@d2013
215    @a184页@c图,照片@d23cm
225 2  @a未来领袖摇篮系列丛书
330    @a本书选择了几位最具代表性的经济、文化、政治、军事领袖人物的生平和杰出的事迹,反映了斯坦福大学是培养未来领袖的摇篮。
410  0 @12001 @a未来领袖摇篮系列丛书
510 1  @aM.I.T University@eto be number one@zeng
517 1  @a手脑佼佼者@9shou nao jiao jiao zhe
601 02 @a麻省理工学院@j青年读物
601 02 @a麻省理工学院@j少年读物
690    @aG649.712.8-49@v5
690    @aG649.712@v4
701  0 @a林大为@Alin da wei@4编著
801  0 @aCN@bNLC@c20140429
905    @aZUCC@dG649.712@e284
    
    麻省理工学院:手脑佼佼者=M.I.T University:to be number one/林大为编著.-北京:现代出版社,2013
    184页:图,照片;23cm.-(未来领袖摇篮系列丛书)
    
    
    ISBN 978-7-5143-1375-8:CNY32.00
    本书选择了几位最具代表性的经济、文化、政治、军事领袖人物的生平和杰出的事迹,反映了斯坦福大学是培养未来领袖的摇篮。
●
相关链接 在五车中查询图书 在当当中查询图书 在豆瓣中查询图书


正题名:麻省理工学院     索取号:G649.712/284         预约/预借

序号 登录号 条形码 馆藏地/架位号 状态 备注
1 2000993304   2000993304   第四书库/四8架A面6层3列/ [索取号:G649.712/284] 在馆    
2 2000993305   2000993305   第四书库/四8架A面6层3列/ [索取号:G649.712/284] 在馆    
3 2000993306   2000993306   第四书库/四8架A面6层3列/ [索取号:G649.712/284] 在馆    
4 2000993307   2000993307   第四书库/四8架A面6层3列/ [索取号:G649.712/284] 在馆    
5 2000993308   2000993308   第四书库/四8架A面6层3列/ [索取号:G649.712/284] 在馆    
6 2000993309   2000993309   第四书库/四8架A面6层3列/ [索取号:G649.712/284] 在馆    
山东省滨州职业学院图书馆 欢迎您!
大连网信软件有限公司© 版权所有